000 00914nam a2200253Ia 4500
003 OSt
005 20221005112644.0
006 a|||||r|||| 00| 0
007 ta
008 221004b |||||||| |||| 00| 0 pan d
020 _c50
024 _a95258
037 _b216, 01/01/2009, H.K. Prakashan
_cTextual
040 _aCRL
_cCRL
_bpan
041 _2pan
_apan
082 _aO153,1:gN, P3
100 _aਸਿੰਘ, ਪਿਆਰਾ
245 0 _aਆਧੁਨਿਕ ਪੰਜਾਬੀ ਕਵਿਤਾ
_b ਸਿਧਾਂਤ, ਇਤਿਹਾਸ ਤੇ ਪ੍ਰਵਿਰਤੀਆਂ
260 _aਜਲੰਧਰ
_bਨਿਊ ਬੱੁਕ ਕੰਪਨੀ ਭਾਰ਼ਤ
_c2003
300 _a104ਪੰ
_ccm.
650 _aਪੰਜਾਬੀ ਸਾਹਿਤ
942 _hO153,1:gN, P3
_cTEXL
_2cc
999 _c1025549
_d1025549